[Event "Sherbrooke op-B"]
[Site "Sherbrooke"]
[Date "2008.05.24"]
[Round "2"]
[White "Zhang, Zhiyuan"]
[Black "Bolduc, Jacques"]
[Result "1-0"]
[WhiteElo "1567"]
[BlackElo "1404"]
[PlyCount "127"]
[EventDate "2008.05.23"]
[EventType "swiss"]
[EventRounds "5"]
[EventCountry "CAN"]
[SourceTitle "EXT 2011"]
[Source "ChessBase"]
[SourceDate "2010.11.26"]
[SourceVersion "1"]
[SourceVersionDate "2010.11.26"]
[SourceQuality "1"]

1. Nf3 c5 2. c4 Nc6 3. Nc3 e6 4. g3 Nf6 5. Bg2 Be7 6. d3 0-0 7. 0-0 Rb8 8. Bf4 d6 9. Bg5 Bd7 10. Qd2 Re8 11. Bxf6 Bxf6 12. Ne4 Be7 13. d4 cxd4 14. Nxd4 Nxd4 15. Qxd4 Qb6 16. Qxb6 axb6 17. Rad1 d5 18. cxd5 exd5 19. Rxd5 Bc6 20. Rdd1 Bf8 21. Nc3 g6 22. e3 Bg7 23. Bxc6 bxc6 24. Rd6 Bxc3 25. bxc3 c5 26. Rb1 b5 27. Rc6 Re5 28. a4 b4 29. cxb4 cxb4 30. Rc4 b3 31. Rc3 b2 32. Rc2 Ra5 33. Rbxb2 Rxb2 34. Rxb2 Rxa4 35. Kg2 Ra7 36. f4 Kg7 37. e4 f6 38. h3 Re7 39. Kf3 h6 40. Re2 Kf7 41. g4 Kg7 42. h4 Kf7 43. f5 g5 44. h5 Kg7 45. Rd2 Kf7 46. Ke3 Rc7 47. Rd3 Ke7 48. Kd2 Rc4 49. Ke3 Rc7 50. e5 fxe5 51. Rd5 Rc3+ 52. Ke2 Rc6 53. Rxe5+ Kf6 54. Re4 Rd6 55. Ke3 Ra6 56. Re6+ Rxe6+ 57. fxe6 Kxe6 58. Ke4 Kf6 59. Kd5 Ke7 60. Ke5 Kf7 61. Kf5 Kg7 62. Ke6 Kh8 63. Kf6 Kh7 64. Kf7 1-0